[Event "Barcelona Sant Andreu FM"]
[Site "Barcelona"]
[Date "2019.10.19"]
[Round "5"]
[White "Sanglas Clariana, Josep"]
[Black "Subirats Ruiz, Sergi"]
[Result "1/2-1/2"]
[WhiteElo "2193"]
[BlackElo "2208"]
[PlyCount "20"]
[EventDate "2019.09.14"]
[EventType "tourn"]
[EventRounds "9"]
[EventCountry "ESP"]
[SourceTitle "CBM 195 Extra"]
[Source "ChessBase"]
[SourceDate "2020.05.31"]
[SourceVersion "1"]
[SourceVersionDate "2020.05.31"]
[SourceQuality "1"]

1. d4 Nf6 2. Bf4 c5 3. e3 Qb6 4. Na3 Qxb2 5. Nb5 Nd5 6. a3 a6 7. Rb1 Qa2 8. Ra1 Qb2 9. Rb1 Qa2 10. Ra1 Qb2 1/2-1/2

[Event "Catalunya-chT Gp1"]
[Site "Barcelona"]
[Date "2019.02.09"]
[Round "4.6"]
[White "Subirats Ruiz, Sergi"]
[Black "Molina Carretero, Daniel"]
[Result "1-0"]
[WhiteElo "2219"]
[BlackElo "2114"]
[PlyCount "67"]
[EventDate "2019.01.19"]
[EventType "team-tourn"]
[EventRounds "7"]
[EventCountry "ESP"]
[SourceTitle "CBM 188 Extra"]
[Source "ChessBase"]
[SourceDate "2019.02.26"]
[SourceVersion "1"]
[SourceVersionDate "2019.02.26"]
[SourceQuality "1"]
[WhiteTeam "Sant Andreu"]
[BlackTeam "Gerunda"]
[WhiteTeamCountry "ESP"]
[BlackTeamCountry "ESP"]

1. e4 c5 2. Nf3 d6 3. d4 cxd4 4. Nxd4 Nf6 5. Nc3 g6 6. Be3 Bg7 7. f3 Nc6 8. Bc4 0-0 9. Qd2 Bd7 10. 0-0-0 Ne5 11. Bb3 Qa5 12. h4 Rfc8 13. g4 b5 14. h5 Nc4 15. Bxc4 bxc4 16. Bh6 Bh8 17. Nf5 Bxf5 18. gxf5 Rab8 19. hxg6 fxg6 20. Rdg1 Rxb2 21. fxg6 hxg6 22. Qg2 Kf7 23. Qxg6+ Ke6 24. Bd2 Rbb8 25. Rg5 Rc5 26. Rh7 Kd7 27. Rxe7+ Kc6 28. e5 Qa3+ 29. Kd1 Rb1+ 30. Ke2 Rd5 31. Nxb1 Qa6 32. Nc3 Nd7 33. Rxd7 Kxd7 34. Qf7+ 1-0

[Event "Catalunya-chT Gp2"]
[Site "Barcelona"]
[Date "2018.03.03"]
[Round "7.9"]
[White "Subirats Ruiz, Sergi"]
[Black "Martin Tarrio, David"]
[Result "1-0"]
[WhiteElo "2173"]
[BlackElo "2015"]
[PlyCount "98"]
[EventDate "2018.01.20"]
[EventType "team-tourn"]
[EventRounds "7"]
[EventCountry "ESP"]
[SourceTitle "EXT 2019"]
[Source "ChessBase"]
[SourceDate "2018.10.10"]
[SourceVersion "1"]
[SourceVersionDate "2018.10.10"]
[SourceQuality "1"]
[WhiteTeam "Sant Andreu"]
[BlackTeam "Catalunya"]
[WhiteTeamCountry "ESP"]
[BlackTeamCountry "ESP"]

1. e4 e6 2. Qe2 Nc6 3. f4 Be7 4. Nf3 d5 5. d3 dxe4 6. dxe4 Nd4 7. Qd3 Nxf3+ 8. Qxf3 Bd7 9. Nc3 Bc6 10. Bd2 Nf6 11. 0-0-0 Bc5 12. Be1 Nd7 13. a3 a6 14. Bc4 b5 15. Bd3 b4 16. axb4 Bxb4 17. Qg4 0-0 18. e5 Rb8 19. Bh4 Be7 20. Bg3 Rb4 21. Rhe1 Qb8 22. b3 Nc5 23. Bc4 Nxb3+ 24. Bxb3 Rxb3 25. cxb3 Qxb3 26. Re3 Ba3+ 27. Kd2 Bb4 28. Rc1 Bb5 29. Bh4 Qd5+ 30. Ke1 Qd4 31. Qf3 f6 32. Rd1 Bxc3+ 33. Rxc3 Qg1+ 34. Kd2 Rd8+ 35. Kc1 Rxd1+ 36. Qxd1 Qxh2 37. Qd8+ Kf7 38. Rxc7+ Kg6 39. Rxg7+ Kf5 40. Qxf6+ Ke4 41. Be1 Qg1 42. Qh4 Qc5+ 43. Kb2 Qd4+ 44. Bc3 Qe3 45. Qe1 Be2 46. Rg3 Qb6+ 47. Ka1 Qb5 48. Bb2 Qa5+ 49. Qxa5 Bb5 1-0

[Event "Catalunya-chT Gp2"]
[Site "Barcelona"]
[Date "2018.02.17"]
[Round "5.9"]
[White "Ramirez Carrizo, Victor Jose"]
[Black "Subirats Ruiz, Sergi"]
[Result "1-0"]
[WhiteElo "2165"]
[BlackElo "2173"]
[PlyCount "67"]
[EventDate "2018.01.20"]
[EventType "team-tourn"]
[EventRounds "7"]
[EventCountry "ESP"]
[SourceTitle "EXT 2019"]
[Source "ChessBase"]
[SourceDate "2018.10.10"]
[SourceVersion "1"]
[SourceVersionDate "2018.10.10"]
[SourceQuality "1"]
[WhiteTeam "Barbera"]
[BlackTeam "Sant Andreu"]
[WhiteTeamCountry "ESP"]
[BlackTeamCountry "ESP"]

1. e4 e6 2. d4 d5 3. Nc3 Bb4 4. e5 c5 5. a3 Bxc3+ 6. bxc3 Ne7 7. Qg4 cxd4 8. Bd3 Qa5 9. Ne2 dxc3 10. Qxg7 Rg8 11. Qxh7 Nd7 12. Bf4 Nc5 13. 0-0 Bd7 14. Bg3 Nxd3 15. cxd3 Rc8 16. Nf4 c2 17. Nh5 Rf8 18. Qg7 Ng6 19. Nf6+ Ke7 20. h4 Qc3 21. h5 Qxd3 22. hxg6 Qxg6 23. Qxg6 fxg6 24. Bh4 Bb5 25. Nh7+ Kf7 26. Rfe1 Rfe8 27. Ng5+ Kg8 28. Nf3 Rc4 29. Rac1 Rec8 30. Bf6 Ra4 31. Re3 d4 32. Re4 Rcc4 33. Rh4 g5 34. Nxg5 1-0

[Event "Catalunya-chT Gp2"]
[Site "Barcelona"]
[Date "2018.02.03"]
[Round "3.8"]
[White "Subirats Ruiz, Sergi"]
[Black "Perales Galindo, Eduard"]
[Result "1/2-1/2"]
[WhiteElo "2173"]
[BlackElo "2158"]
[PlyCount "125"]
[EventDate "2018.01.20"]
[EventType "team-tourn"]
[EventRounds "7"]
[EventCountry "ESP"]
[SourceTitle "CBM 182 Extra"]
[Source "ChessBase"]
[SourceDate "2018.02.23"]
[SourceVersion "1"]
[SourceVersionDate "2018.02.23"]
[SourceQuality "1"]
[WhiteTeam "Sant Andreu"]
[BlackTeam "Mollet"]
[WhiteTeamCountry "ESP"]
[BlackTeamCountry "ESP"]

1. e4 c5 2. Nf3 d6 3. d4 cxd4 4. Nxd4 Nf6 5. Nc3 g6 6. Be3 Bg7 7. f3 Nc6 8. Qd2 h5 9. Bc4 Bd7 10. 0-0-0 Na5 11. Bb3 Rb8 12. Kb1 a6 13. h3 b5 14. g4 Nc4 15. Bxc4 bxc4 16. g5 Nh7 17. Ka1 0-0 18. f4 Qc8 19. Nde2 Bc6 20. Rb1 Qb7 21. Ng3 h4 22. Nge2 Bxe4 23. Rhc1 a5 24. Qe1 Bf3 25. Bd4 e5 26. fxe5 dxe5 27. Bc5 Rfc8 28. Bd6 e4 29. Bxb8 Rxb8 30. Nf4 Qe7 31. Qxh4 Qe5 32. Nfd5 e3 33. Qf4 Qxf4 34. Nxf4 Nxg5 35. Rg1 Ne4 36. Nfe2 Nd2 37. Rbe1 Be4 38. Rg3 Bh6 39. Nxe4 Nxe4 40. Rg4 Bg7 41. c3 Nd6 42. Kb1 a4 43. a3 Kh7 44. Reg1 Rc8 45. h4 Rc5 46. Nd4 Bxd4 47. Rxd4 Nf5 48. Re4 Rd5 49. Kc1 Kh6 50. Re8 Kg7 51. Rg4 Rd2 52. Rge4 Rh2 53. Ra8 e2 54. Kd2 Ng3 55. Ree8 Rxh4 56. Rxa4 Rh1 57. Rxe2 Nxe2 58. Kxe2 Rh2+ 59. Ke3 Rxb2 60. Rxc4 g5 61. a4 Ra2 62. Ke4 Kg6 63. Rd4 1/2-1/2

[Event "EU-ch blitz"]
[Site "Katowice"]
[Date "2017.12.15"]
[Round "6"]
[White "Subirats Ruiz, Sergi"]
[Black "Lubczynski, Rafal"]
[Result "0-1"]
[WhiteElo "2173"]
[BlackElo "2429"]
[PlyCount "98"]
[EventDate "2017.12.15"]
[EventType "swiss (blitz)"]
[EventRounds "22"]
[EventCountry "POL"]
[SourceTitle "CBM 182 Extra"]
[Source "ChessBase"]
[SourceDate "2018.02.23"]
[SourceVersion "1"]
[SourceVersionDate "2018.02.23"]
[SourceQuality "1"]

1. e4 d6 2. d4 Nf6 3. Nc3 e5 4. dxe5 dxe5 5. Qxd8+ Kxd8 6. Bc4 Be6 7. Bxe6 fxe6 8. a3 Bd6 9. Be3 Nc6 10. f3 Ke7 11. Nh3 a6 12. Rd1 b5 13. Nf2 h6 14. h4 Rhb8 15. Ke2 b4 16. axb4 Nxb4 17. Kd2 Nh5 18. Kc1 a5 19. Na4 Nf4 20. c3 Nc6 21. Rh2 Rf8 22. Kc2 Rab8 23. Nd3 Rbd8 24. Ndc5 Nh5 25. Rhh1 Rb8 26. Rhe1 Nf4 27. Rd2 Ng6 28. Rh1 Nd8 29. b3 Nb7 30. Nxb7 Rxb7 31. Nc5 Rb5 32. Na4 Rfb8 33. h5 Nf4 34. g3 Rxb3 35. gxf4 Ra3 36. Nb2 exf4 37. Bf2 a4 38. Bh4+ Ke8 39. Rg1 Ra2 40. Kb1 Ra3 41. Kc2 Kf7 42. e5 Bxe5 43. Rd7+ Kf8 44. Rgxg7 Rxc3+ 45. Kb1 Bxg7 46. Ka2 Rxb2+ 47. Kxb2 Rd3+ 48. Rxg7 Kxg7 49. Be7 Rxf3 0-1

[Event "Catalunya-chT GpA final"]
[Site "Barcelona"]
[Date "2017.04.01"]
[Round "4.8"]
[White "Subirats Ruiz, Sergi"]
[Black "Nazarenus, Moritz"]
[Result "1/2-1/2"]
[WhiteElo "2165"]
[BlackElo "2221"]
[PlyCount "37"]
[EventDate "2017.03.11"]
[EventType "team-tourn"]
[EventRounds "11"]
[EventCountry "ESP"]
[SourceTitle "EXT 2018"]
[Source "ChessBase"]
[SourceDate "2017.10.13"]
[SourceVersion "1"]
[SourceVersionDate "2017.10.13"]
[SourceQuality "1"]
[WhiteTeam "Sant Andreu"]
[BlackTeam "Barcelona Escola Escacs"]
[WhiteTeamCountry "ESP"]
[BlackTeamCountry "ESP"]

1. e4 c6 2. d4 d5 3. e5 Bf5 4. Nf3 e6 5. Be2 h6 6. 0-0 Ne7 7. Nbd2 Nd7 8. Nb3 Bg6 9. Nh4 Bh7 10. f4 c5 11. c3 Nc6 12. Nf3 Be7 13. Be3 cxd4 14. Nfxd4 Nxd4 15. Nxd4 Bc5 16. Qd2 0-0 17. a4 a5 18. Bb5 Be4 19. Qf2 1/2-1/2

[Event "Catalunya-chT GpA final"]
[Site "Barcelona"]
[Date "2017.03.25"]
[Round "3.9"]
[White "Subirats Ruiz, Sergi"]
[Black "Norte Garcia, Andrea"]
[Result "1/2-1/2"]
[WhiteElo "2165"]
[BlackElo "2010"]
[PlyCount "117"]
[EventDate "2017.03.11"]
[EventType "team-tourn"]
[EventRounds "11"]
[EventCountry "ESP"]
[SourceTitle "CBM 177 Extra"]
[Source "ChessBase"]
[SourceDate "2017.04.27"]
[SourceVersion "1"]
[SourceVersionDate "2017.04.27"]
[SourceQuality "1"]
[WhiteTeam "Sant Andreu"]
[BlackTeam "Cerdanyola Valles"]
[WhiteTeamCountry "ESP"]
[BlackTeamCountry "ESP"]

1. e4 c5 2. Nf3 e6 3. d4 cxd4 4. Nxd4 a6 5. c4 Qc7 6. Nc3 Nf6 7. Be2 Bb4 8. 0-0 0-0 9. a3 Bxc3 10. bxc3 Nxe4 11. Bd3 d5 12. Re1 Nf6 13. Bg5 Nbd7 14. Qf3 dxc4 15. Bc2 Nd5 16. Re4 Ne5 17. Qh3 Ng6 18. Rae1 Bd7 19. Rh4 Nxh4 20. Qxh4 f5 21. g4 Qd6 22. Nf3 Rae8 23. Rd1 Bc6 24. Nd4 g6 25. Bc1 Nxc3 26. Nxf5 Qc5 27. Be3 Qxa3 28. Nh6+ Kg7 29. Re1 Qd6 30. g5 Qd5 31. Qd4+ e5 32. Qxd5 Nxd5 33. Bc5 Rf4 34. Bd6 Rh4 35. Bxe5+ Kf8 36. Bd6+ Ne7 37. Re6 Rxh6 38. gxh6 Kf7 39. Rxe7+ Rxe7 40. Bxg6+ Kxg6 41. Bxe7 c3 42. Kf1 c2 43. Ba3 b5 44. Ke2 Be4 45. Ke3 b4 46. Bc1 Kf5 47. Kd4 a5 48. Kc5 Ke5 49. f4+ Ke6 50. h3 b3 51. f5+ Kxf5 52. Kc4 a4 53. Kb5 Bd5 54. Kxa4 Ke4 55. Ka3 Kd3 56. Kb2 Ke2 57. h4 Kd1 58. Bf4 Bc4 59. Bg5 1/2-1/2

[Event "Catalunya-chT Gp2"]
[Site "Barcelona"]
[Date "2016.02.27"]
[Round "6.1"]
[White "Subirats Ruiz, Sergi"]
[Black "Serra, Francesco"]
[Result "1-0"]
[WhiteElo "2186"]
[BlackElo "2156"]
[PlyCount "111"]
[EventDate "2016.01.23"]
[EventType "team-tourn"]
[EventRounds "7"]
[EventCountry "ESP"]
[SourceTitle "EXT 2017"]
[Source "ChessBase"]
[SourceDate "2016.10.25"]
[SourceVersion "1"]
[SourceVersionDate "2016.10.25"]
[SourceQuality "1"]
[WhiteTeam "Sant Andreu"]
[BlackTeam "Peona I Peo"]
[WhiteTeamCountry "ESP"]
[BlackTeamCountry "ESP"]

1. e4 e5 2. Nf3 d6 3. d4 exd4 4. Nxd4 g6 5. Nc3 Bg7 6. Be3 Nf6 7. Qd2 Nc6 8. f3 0-0 9. 0-0-0 d5 10. Nxc6 bxc6 11. Bc4 Be6 12. exd5 cxd5 13. Nxd5 Nxd5 14. Bxd5 Rb8 15. c3 Qe7 16. Bg5 Qc5 17. Bxe6 Bxc3 18. Bxf7+ Rxf7 19. Qxc3 Qxg5+ 20. Rd2 Rd8 21. Rhd1 Rfd7 22. Qc4+ Kg7 23. f4 Qf5 24. Rxd7+ Rxd7 25. Rxd7+ Qxd7 26. h3 h5 27. a4 a5 28. Kc2 Qf5+ 29. Kb3 c5 30. Qc3+ Kh7 31. Qxa5 Qd5+ 32. Ka3 Qxg2 33. Qc3 Qf1 34. a5 Qb5 35. b3 h4 36. Qe1 Kg8 37. Qe6+ Kg7 38. Qb6 Qf1 39. Qxc5 Qxh3 40. a6 Qf1 41. Qd4+ Kh7 42. a7 Qc1+ 43. Ka4 Qc6+ 44. Ka5 h3 45. Qb6 Qd5+ 46. Qb5 Qd8+ 47. Ka6 Qa8 48. Qd7+ Kg8 49. Qe6+ Kg7 50. Qd7+ Kg8 51. Qc7 Qd5 52. Qc8+ Kg7 53. a8Q Qd6+ 54. Kb5 Qd3+ 55. Qc4 Qd7+ 56. Qac6 1-0

[Event "Catalunya-chT Gp2"]
[Site "Barcelona"]
[Date "2015.03.07"]
[Round "7.3"]
[White "Garcia Marin, Guillem"]
[Black "Subirats Ruiz, Sergi"]
[Result "1-0"]
[WhiteElo "2061"]
[BlackElo "2187"]
[PlyCount "103"]
[EventDate "2015.01.24"]
[EventType "team-tourn"]
[EventRounds "7"]
[EventCountry "ESP"]
[SourceTitle "EXT 2016"]
[Source "ChessBase"]
[SourceDate "2015.10.08"]
[SourceVersion "1"]
[SourceVersionDate "2015.10.08"]
[SourceQuality "1"]
[WhiteTeam "Mollet"]
[BlackTeam "Sant Andreu"]
[WhiteTeamCountry "ESP"]
[BlackTeamCountry "ESP"]

1. d4 e6 2. Nf3 Nf6 3. Bg5 c5 4. e3 d6 5. Nbd2 g6 6. c3 h6 7. Bh4 Bg7 8. Bd3 0-0 9. 0-0 Nc6 10. a4 cxd4 11. exd4 g5 12. Bg3 Ne8 13. Ne1 f5 14. f3 f4 15. Bf2 d5 16. Bc2 Nd6 17. Nd3 Nf5 18. Re1 b6 19. Nb3 Qc7 20. Qd2 Bd7 21. Kh1 Rac8 22. a5 Ncxd4 23. axb6 axb6 24. Nxd4 Bxd4 25. Bxd4 Nxd4 26. Ne5 Nf5 27. Ng6 Rf7 28. Bxf5 exf5 29. Ne7+ Kh7 30. Nxc8 Bxc8 31. Qd4 Qc5 32. Qe5 Qc7 33. Qxc7 Rxc7 34. Re5 Rd7 35. Rae1 Kg6 36. Re6+ Kh5 37. Rxb6 d4 38. cxd4 Rxd4 39. Kg1 g4 40. Kf2 Rd2+ 41. Re2 g3+ 42. hxg3 fxg3+ 43. Ke3 Rd5 44. Kf4 Rd4+ 45. Kxg3 f4+ 46. Kf2 Rd5 47. b4 Bd7 48. Rc2 Kh4 49. Rxh6+ Kg5 50. Rb6 Kh4 51. Rb8 Bb5 52. Rh8+ 1-0

[Event "Llinars del Valles op-A 8th"]
[Site "Llinars del Valles"]
[Date "2014.06.14"]
[Round "7"]
[White "Ortega Serra, Marc"]
[Black "Subirats Ruiz, Sergi"]
[Result "0-1"]
[WhiteElo "2193"]
[BlackElo "2184"]
[PlyCount "102"]
[EventDate "2014.04.26"]
[EventType "swiss"]
[EventRounds "8"]
[EventCountry "ESP"]
[SourceTitle "EXT 2015"]
[Source "ChessBase"]
[SourceDate "2014.11.20"]
[SourceVersion "1"]
[SourceVersionDate "2014.11.20"]
[SourceQuality "1"]

1. d4 Nf6 2. c4 g6 3. Nc3 Bg7 4. e4 d6 5. f4 0-0 6. Nf3 Nc6 7. Bd3 e5 8. d5 Nb4 9. fxe5 dxe5 10. Bb1 Ne8 11. a3 Na6 12. 0-0 c5 13. Qe2 Bd7 14. Kh1 Nd6 15. b4 b6 16. Nb5 Qe7 17. Bd2 Rfc8 18. Nxd6 Qxd6 19. b5 Nc7 20. Qf2 a6 21. Qh4 f6 22. bxa6 Rxa6 23. Bh6 g5 24. Qh5 Be8 25. Qh3 Qd7 26. g4 Rca8 27. Bxg7 Kxg7 28. Nd2 Bg6 29. Qf3 b5 30. Bc2 bxc4 31. Nxc4 Nb5 32. Bd3 Nd4 33. Qg2 Qd8 34. Rab1 R8a7 35. Rb2 Ne6 36. Rfb1 Nf4 37. Rb7+ Kh6 38. Qf3 Rxa3 39. Nxa3 Rxa3 40. R7b3 Ra4 41. Bc2 Rd4 42. Rd1 Qa5 43. Rbb1 Rd2 44. Rbc1 Rxc2 45. Rxc2 Qa4 46. Qc3 Bxe4+ 47. Kg1 Bxc2 48. Qxc5 Nh3+ 49. Kf1 Qf4+ 50. Ke1 Qe4+ 51. Kf1 Qh1+ 0-1

[Event "Llinars del Valles op-A 8th"]
[Site "Llinars del Valles"]
[Date "2014.05.10"]
[Round "3"]
[White "Morais Carreras, Javier"]
[Black "Subirats Ruiz, Sergi"]
[Result "1/2-1/2"]
[WhiteElo "1989"]
[BlackElo "2184"]
[PlyCount "106"]
[EventDate "2014.04.26"]
[EventType "swiss"]
[EventRounds "8"]
[EventCountry "ESP"]
[SourceTitle "EXT 2015"]
[Source "ChessBase"]
[SourceDate "2014.11.20"]
[SourceVersion "1"]
[SourceVersionDate "2014.11.20"]
[SourceQuality "1"]

1. e4 e6 2. d3 d5 3. Nd2 c5 4. Ngf3 Nc6 5. g3 Nf6 6. Bg2 b6 7. 0-0 Bb7 8. e5 Nd7 9. Re1 Qc7 10. Qe2 0-0-0 11. c3 h6 12. a3 g5 13. h3 Bg7 14. d4 Rhe8 15. b4 a6 16. bxc5 bxc5 17. Nb3 c4 18. Nbd2 f6 19. exf6 Bxf6 20. Nf1 e5 21. Qb2 e4 22. N3h2 h5 23. Rb1 Na5 24. Be3 Bc6 25. Nd2 Ba4 26. Bf1 h4 27. g4 Re6 28. Be2 Nf8 29. f3 Nb3 30. Nxb3 Bxb3 31. Nf1 a5 32. fxe4 Rxe4 33. Bf3 Re7 34. Qg2 Qd6 35. Bd2 Rxe1 36. Rxe1 Ng6 37. Qe2 Kd7 38. Qh2 Nf4 39. Bxf4 gxf4 40. Qg2 Kc7 41. Nd2 Ba4 42. Nb1 Bc6 43. Re2 Rb8 44. Rb2 Rb3 45. Rxb3 cxb3 46. Qe2 Kb6 47. Qd3 Qe7 48. Qe2 Qd6 49. Qd3 Bb5 50. Qf5 Bc4 51. g5 Bd8 52. g6 Qf6 53. Bg4 a4 1/2-1/2

[Event "Roncana op-A 7th"]
[Site "Santa Eulalia de Roncana"]
[Date "2013.11.30"]
[Round "8"]
[White "Subirats Ruiz, Sergi"]
[Black "Ortega Serra, Marc"]
[Result "1/2-1/2"]
[WhiteElo "2187"]
[BlackElo "2190"]
[PlyCount "151"]
[EventDate "2013.10.05"]
[EventType "swiss"]
[EventRounds "8"]
[EventCountry "ESP"]
[SourceTitle "CBM 157 Extra"]
[Source "ChessBase"]
[SourceDate "2013.12.19"]
[SourceVersion "1"]
[SourceVersionDate "2013.12.19"]
[SourceQuality "1"]

1. e4 e6 2. d4 d5 3. Nd2 Nf6 4. e5 Nfd7 5. f4 c5 6. c3 Nc6 7. Ndf3 cxd4 8. cxd4 Nb6 9. Bd3 Nc4 10. Ne2 Bb4+ 11. Kf2 g6 12. h4 h5 13. Ng5 Qb6 14. Bxc4 dxc4 15. Be3 Ne7 16. a3 Ba5 17. d5 Qa6 18. d6 Nd5 19. Bd4 Bd7 20. Qc2 Bb6 21. Kg3 Ba4 22. Qe4 Bc6 23. Qb1 Rg8 24. Qc1 c3 25. Re1 Qd3+ 26. Nf3 c2 27. Bxb6 axb6 28. Qd2 Qxd2 29. Nxd2 Ne3 30. Nf3 Nf5+ 31. Kf2 Bxf3 32. gxf3 Kd7 33. Rac1 Rgc8 34. Nc3 Rc4 35. Rxc2 Rac8 36. Re4 Nxh4 37. Ke3 Nf5+ 38. Kd3 R4c6 39. Ra4 h4 40. Rh2 Rb8 41. Ne4 Rcc8 42. Nf6+ Kc6 43. Rb4 b5 44. d7 Rh8 45. Rc2+ Kb6 46. a4 h3 47. Rxb5+ Ka6 48. Rbc5 Ne7 49. Rh2 Rbd8 50. b4 Ng8 51. Rc8 Nxf6 52. Rxd8 Rxd8 53. exf6 Rxd7+ 54. Kc4 Rd5 55. Rxh3 Rf5 56. Rh4 Rxf6 57. Kc5 Rf5+ 58. Kd6 Kb6 59. Ke7 Kc6 60. b5+ Kb6 61. Rh7 Rxf4 62. Rxf7 Rxa4 63. Kxe6 g5 64. Rg7 Rf4 65. Rxg5 Rxf3 66. Ke5 Rb3 67. Kd4 Rxb5 68. Rg6+ Ka5 69. Kc3 Rh5 70. Rg8 Rh3+ 71. Kb2 b5 72. Rg2 Ka4 73. Rf2 b4 74. Rg2 Rb3+ 75. Ka2 Rd3 76. Kb2 1/2-1/2

[Event "Roncana op-A 7th"]
[Site "Santa Eulalia de Roncana"]
[Date "2013.11.09"]
[Round "5"]
[White "Subirats Ruiz, Sergi"]
[Black "Morais Carreras, Javier"]
[Result "1-0"]
[WhiteElo "2187"]
[BlackElo "1978"]
[PlyCount "85"]
[EventDate "2013.10.05"]
[EventType "swiss"]
[EventRounds "8"]
[EventCountry "ESP"]
[SourceTitle "CBM 157 Extra"]
[Source "ChessBase"]
[SourceDate "2013.12.19"]
[SourceVersion "1"]
[SourceVersionDate "2013.12.19"]
[SourceQuality "1"]

1. e4 e5 2. Nf3 Nf6 3. Nxe5 d6 4. Nxf7 Kxf7 5. d4 Be7 6. Nc3 Rf8 7. Bd3 Kg8 8. 0-0 Nc6 9. Bc4+ Kh8 10. d5 Ne5 11. Be2 Bg4 12. f4 Bxe2 13. Qxe2 Ng6 14. g4 Nd7 15. Be3 Bf6 16. Rae1 Bxc3 17. bxc3 Qe7 18. Bc1 Rae8 19. f5 Nge5 20. g5 g6 21. c4 gxf5 22. exf5 Qg7 23. Kh1 Nb6 24. Qh5 Nbxc4 25. g6 Nxg6 26. fxg6 Rxf1+ 27. Rxf1 Qxg6 28. Qh4 Qe4+ 29. Qxe4 Rxe4 30. Bh6 Re8 31. Rf7 Rc8 32. Kg2 Nb6 33. Kf3 Nxd5 34. Ke4 Nc3+ 35. Kf5 Nxa2 36. Bg5 Kg8 37. Rd7 Nb4 38. Bf6 Nd5 39. Rg7+ Kf8 40. Bb2 Ne7+ 41. Ke6 Ng8 42. Rf7+ Ke8 43. Bg7 1-0

[Event "Roncana op-A 7th"]
[Site "Santa Eulalia de Roncana"]
[Date "2013.10.26"]
[Round "4"]
[White "Rojano Alfonso, Carlos"]
[Black "Subirats Ruiz, Sergi"]
[Result "1/2-1/2"]
[WhiteElo "2219"]
[BlackElo "2187"]
[PlyCount "104"]
[EventDate "2013.10.05"]
[EventType "swiss"]
[EventRounds "8"]
[EventCountry "ESP"]
[SourceTitle "CBM 157 Extra"]
[Source "ChessBase"]
[SourceDate "2013.12.19"]
[SourceVersion "1"]
[SourceVersionDate "2013.12.19"]
[SourceQuality "1"]

1. d4 e6 2. c4 f5 3. Nf3 Bb4+ 4. Bd2 Bxd2+ 5. Nbxd2 Nf6 6. Qc2 d5 7. e3 0-0 8. Bd3 c6 9. 0-0 Bd7 10. Ne5 Be8 11. Rac1 Nbd7 12. Ndf3 Ne4 13. Nxd7 Qxd7 14. Ne5 Qe7 15. f3 Nd6 16. e4 dxe4 17. fxe4 Bh5 18. exf5 Qh4 19. Nd7 Qxd4+ 20. Kh1 Rfe8 21. fxe6 Rxe6 22. Bxh7+ Kh8 23. c5 Ne4 24. Bf5 Rae8 25. Bxe6 Rxe6 26. Rf8+ Kh7 27. Rf5 Rh6 28. Nf8+ Kh8 29. Rf3 Bxf3 30. gxf3 Nf2+ 31. Kg2 Nd3 32. Rd1 Nf4+ 33. Kf1 Qf6 34. Nd7 Qe6 35. Ne5 Nd5 36. Re1 Qh3+ 37. Qg2 Qh5 38. Qg4 Qe8 39. Qg5 Qh5 40. Qd8+ Kh7 41. Ng4 Qh3+ 42. Kf2 Qh4+ 43. Qxh4 Rxh4 44. Re5 Kg6 45. Kg3 Rh8 46. Re6+ Kf7 47. Rd6 Re8 48. f4 Re2 49. Rd7+ Re7 50. Ne5+ Ke6 51. Rd8 g5 52. Nd3 Kf7 1/2-1/2

[Event "Llinars del Valles op-A 7th"]
[Site "Llinars del Valles"]
[Date "2013.05.04"]
[Round "4"]
[White "Lafuente Calvillo, Andrea"]
[Black "Subirats Ruiz, Sergi"]
[Result "0-1"]
[WhiteElo "1790"]
[BlackElo "2163"]
[PlyCount "58"]
[EventDate "2013.04.13"]
[EventType "swiss"]
[EventRounds "7"]
[EventCountry "ESP"]
[SourceTitle "EXT 2014"]
[Source "ChessBase"]
[SourceDate "2013.11.20"]
[SourceVersion "1"]
[SourceVersionDate "2013.11.20"]
[SourceQuality "1"]

1. e4 e6 2. d4 d5 3. Nd2 Nf6 4. e5 Nfd7 5. f4 c5 6. Ngf3 Nc6 7. Nb3 c4 8. Nbd2 f6 9. c3 Be7 10. Be2 b5 11. b3 a5 12. bxc4 bxc4 13. a4 0-0 14. Ba3 fxe5 15. Nxe5 Ndxe5 16. fxe5 Bxa3 17. Rxa3 Qe7 18. Ra2 Qg5 19. g3 Qe3 20. Nb1 Rb8 21. Rc2 Bd7 22. Rf1 Rxf1+ 23. Kxf1 Rf8+ 24. Ke1 Rf3 25. Qc1 Nxd4 26. Qxe3 Nxc2+ 27. Kd2 Rxe3 28. Bd1 Rd3+ 29. Kxc2 Bxa4+ 0-1

[Event "Catalunya-chT Honor"]
[Site "Catalunya"]
[Date "2013.02.02"]
[Round "3.9"]
[White "Pascual Genoves, Marc"]
[Black "Subirats Ruiz, Sergi"]
[Result "1-0"]
[WhiteElo "2216"]
[BlackElo "2163"]
[PlyCount "53"]
[EventDate "2013.01.19"]
[EventType "team-tourn"]
[EventRounds "11"]
[EventCountry "ESP"]
[SourceTitle "CBM 152 Extra"]
[Source "ChessBase"]
[SourceDate "2013.02.25"]
[SourceVersion "1"]
[SourceVersionDate "2013.02.25"]
[SourceQuality "1"]
[WhiteTeam "Cerdanyola Valles"]
[BlackTeam "Sant Andreu"]
[WhiteTeamCountry "ESP"]
[BlackTeamCountry "ESP"]

1. e4 e5 2. Nf3 Nc6 3. Bb5 a6 4. Ba4 Nf6 5. d3 b5 6. Bb3 Bc5 7. 0-0 d6 8. c3 0-0 9. a4 Bg4 10. axb5 axb5 11. Rxa8 Qxa8 12. Bg5 Nd7 13. h3 Bh5 14. g4 Bg6 15. Bd5 b4 16. d4 Ba7 17. Qa4 Ndb8 18. cxb4 Nxd4 19. Bxa8 Nxf3+ 20. Kg2 Nxg5 21. Qxa7 Nxe4 22. f3 Nf6 23. Qxc7 Na6 24. Qb7 Nxb4 25. Qxb4 Rxa8 26. Qxd6 e4 27. f4 1-0